|
|
|
|
| LEADER |
01271nam a2200337 4500 |
| 001 |
DLU180183372 |
| 005 |
##20180122 |
| 020 |
# |
# |
|a 9786047849314
|
| 040 |
# |
# |
|a DLU
|b vie
|
| 041 |
# |
# |
|a vie
|
| 044 |
# |
# |
|a vn
|
| 082 |
# |
# |
|a 390.095 97
|b NG-L
|
| 100 |
# |
# |
|a Nguyễn Hải Liên.
|
| 245 |
# |
# |
|a Văn hóa - nghệ thuật dân gian làng chài Sơn Hải tỉnh Ninh Thuận /
|c Nguyễn Hải Liên, Phan Thi Thơ.
|
| 260 |
# |
# |
|a H. :
|b Mỹ thuật,
|c 2016.
|
| 300 |
# |
# |
|a 351 tr. :
|b minh họa ;
|c 21 cm.
|
| 505 |
# |
# |
|a Chương 1. Đôi nét đặc thù về địa lý - dân cư -- Chương 2. Làng chài Từ Nham, tỉnh Phú Yên -- Chương 3. Mối liên hệ về đời sống tâm linh của ngư dân Sơn Hải Ninh Thuận với Từ Nham ở Phú Yên -- Chương 4. Văn hóa nghệ thuật dân gian làng chài Sơn Hải -- Chương 5. Trò chơi văn học dân gian.
|
| 650 |
# |
# |
|a Làng
|z Việt Nam
|z Ninh Thuận.
|
| 650 |
# |
# |
|a Văn hóa dân gian
|z Việt Nam
|z Ninh Thuận.
|
| 700 |
# |
# |
|a Phan Thi Thơ.
|
| 923 |
# |
# |
|a 01/2017
|
| 991 |
# |
# |
|a SH
|
| 992 |
# |
# |
|a 14000
|
| 994 |
# |
# |
|a DLU
|
| 900 |
# |
# |
|a True
|
| 911 |
# |
# |
|a Nguyễn Thanh Hương
|
| 925 |
# |
# |
|a G
|
| 926 |
# |
# |
|a A
|
| 927 |
# |
# |
|a SH
|
| 980 |
# |
# |
|a Thư viện Trường Đại học Đà Lạt
|